000 01077cam a22003137a 4500
003 CHAP
005 20220329142726.0
008 010920d2001 mx r 00110 spa d
010 _a86918
011 _a87890
035 _a98434
040 _cCHAP
090 _aTesis
100 0 0 _aCalderón Reyes, Ruth.
_917421
245 1 0 _aManual para la elaboracion de productos lácteos de cabra y vaca en la comunidad de Tacuba
_c/por Ruth Calderón Reyes
260 _aIrapuato, Gto. :
_bEl autor,
_c1998.
300 _a91 h.
502 _aTesis (Ing. en Alimentos) -- Universidad de Guanajuato. Instituto de Ciencias Agrícolas
590 _aALEPH
_b10
_c20130110
_lUCH01
_h1452
590 _aBATCH-UPD
_b10
_c20130110
_lUCH01
_h0735
590 _aBATCH-UPD
_b10
_c20130410
_lUCH01
_h0417
590 _aBATCH-UPD
_b10
_c20130914
_lUCH01
_h0817
590 _aCONVERSION
_b10
_c20130109
_lUCH01
_h1348
650 1 4 _aProductos lácteos
_xProcesado.
_992149
901 _aBK
905 _aAlejandra Carrasco M.
942 _cTESIS
949 _aTesis
_bBC
_cTES
_d984341
_eTS1
_h40606
_i98434
_sb
999 _c86918
_d86918